Sports Quiz

Random Sports or Numbers Quiz

Michigan Football 'Legend' Numbers Quiz Stats

 Plays Quiz not verified by Sporcle

Challenge
Share
Tweet
Embed
Score 0/6 Timer 05:00
0 Plays Today
Number Player % Correct
21Desmond Howard
92.2%
98Tom Harmon
85.3%
48Gerald Ford
66.4%
47Bennie Oosterbaan
46.3%
87Ron Kramer
39.4%
11Francis Wistert, Albert Wistert, Alvin Wistert
30.9%

You're not logged in!

Compare scores with friends on all Sporcle quizzes.
OR
Log In

You Might Also Like...

Show Comments

Extras

Top Quizzes Today


Score Distribution

Your Account Isn't Verified!

In order to create a playlist on Sporcle, you need to verify the email address you used during registration. Go to your Sporcle Settings to finish the process.

Report this User

Report this user for behavior that violates our Community Guidelines.

Details: